Formula 1 2026 Tracks - Statistics

General Stats
  • This quiz has been taken 521 times
  • The average score is 20 of 24
Answer Stats
Picture Answer % Correct
Australia | Melbourne
93%
China | Shanghai
92%
Japan | Suzuka
92%
Monaco
91%
Saudi Arabia | Jeddah
88%
Bahrain | Sakhir
86%
Belgium | Spa
85%
Great Britain | Silverstone
85%
Italy | Monza
85%
Canada | Montreal
84%
Florida | Miami
84%
Nevada | Las Vegas
84%
Azerbaijan | Baku
83%
Spain | Barcelona
83%
Austria | Spielberg
81%
Abu Dhabi | Yas Marina
80%
Hungary | Budapest
79%
Brazil | Sao Paulo
78%
Netherlands | Zandvoort
77%
Singapore
77%
Mexico | Mexico City
76%
Qatar | Lusail
76%
Texas | Austin
75%
Madrid
66%
No matching quizzes found
Score Distribution
Percent of People with Each Score
Percentile by Number Answered
Your Score History
You have not taken this quiz